Statystyki dla Polskie kluby w LM lv.Ekspert

Kliknij tutaj aby rozwiązać quiz!

Ogólne statystyki

  • Ten quiz został rozwiązany 32 razy
  • Średni wynik to 33 z 124

Statystyki odpowiedzi

Dataspotkaniefaza rozgrywekwynik% Poprawnych
17.07.2019Piast Gliwice-BATE BorysówI runda kw.1-2
69%
02.11.2016Legia Warszawa-Real MadrytFaza Grupowa3-3
69%
10.07.2019BATE Borysów-Piast GliwiceI runda kw.1-1
66%
27.09.2016Sporting CP-Legia WarszawaFaza Grupowa2-0
66%
14.09.2016Legia Warszawa-Borussia DortmundFaza Grupowa0-6
62%
18.10.2016Real Madryt-Legia WarszawaFaza Grupowa5-1
62%
24.07.2018Legia Warszawa-Spartak TrnavaII runda kw.0-2
59%
07.12.2016Legia Warszawa-Sporting CPFaza Grupowa1-0
59%
22.11.2016Borussia Dortmund-Legia WarszawaFaza Grupowa8-4
59%
31.07.2018Spartak Trnava-Legia WarszawaII runda kw.0-1
52%
10.07.2018Cork City-Legia WarszawaI runda kw.0-1
52%
01.08.2017Legia Warszawa-FK AstanaIII runda kw.1-0
52%
16.09.1992Lech Poznań-SkontoI runda kw.2-0
52%
06.08.2014Celtic F.C.-Legia WarszawaIII runda kw.3-0
52%
26.07.2017FK Astana-Legia WarszawaIII runda kw.3-1
52%
30.07.2014Legia Warszawa-Celtic F.C.III runda kw.4-1
52%
17.08.2016Dundalk F.C.-Legia WarszawaIV runda kw.0-2
48%
05.08.2015FC Basel-Lech PoznańIII runda kw.1-0
48%
29.07.2015Lech Poznań-FC BaselIII runda kw.1-3
48%
17.07.2018Legia Warszawa-Cork CityI runda kw.3-0
48%
14.07.2015FK Sarajevo-Lech PoznańII runda kw.0-2
45%
22.07.2015Lech Poznań-FK SarajevoII runda kw.1-0
45%
12.07.2016Zrinjski Mostar-Legia WarszawaII runda kw.1-1
45%
03.08.2016Legia Warszawa-FK AS TrenčínIII runda kw.0-0
41%
27.07.2016FK AS Trenčín-Legia WarszawaIII runda kw.0-1
41%
12.07.2017IFK Mariehamn -Legia WarszawaII runda kw.0-3
41%
26.08.2008Wisła Kraków-FC BarcelonaIII runda kw.1-0
41%
19.07.2016Legia Warszawa-Zrinjski MostarII runda kw.2-0
41%
07.08.2013Legia Warszawa-Molde FKIII runda kw.0-0
38%
13.07.2010İnter Baku-Lech PoznańII runda kw.0-1
38%
17.08.2011Wisła Kraków-APOEL NikozjaIV runda kw.1-0
38%
27.07.2010Sparta Praga-Lech PoznańIII runda kw1-0
38%
27.08.2013Legia Warszawa-FC Steaua BukaresztIV runda kw.2-2
38%
13.08.2008FC Barcelona-Wisła KrakówIII runda kw.4-0
38%
23.08.2016Legia Warszawa-Dundalk F.C.IV runda kw.0-0
34%
04.08.2010Lech Poznań-Sparta PragaIII runda kw.0-1
34%
16.07.2014Legia Warszawa-St. Patrick’s Athletic F.C.II runda kw.1-1
34%
21.08.2013FC Steaua Bukareszt-Legia WarszawaIV runda kw.1-1
34%
31.07.2013Molde FK-Legia WarszawaIII runda kw.1-1
34%
23.08.2011APOEL Nikozja-Wisła KrakówIV runda kw.3-1
34%
01.08.2012Śląsk Wrocław-Helsingborgs IFIII runda kw.0-3
31%
24.07.2013Legia Warszawa-The New Saints F.C.II runda kw.1-0
31%
26.07.2011Liteks Łowecz-Wisła KrakówIII runda kw.1-2
31%
19.07.2011Wisła Kraków-Skonto FCII runda kw.2-0
31%
03.08.2011Wisła Kraków-Liteks ŁoweczIII runda kw.3-1
31%
19.07.2017Legia Warszawa-IFK MariehamnII runda kw.6-0
31%
06.03.1996Legia-Panathinaikos AOćwiercfinal0-0
28%
21.07.2010Lech Poznań-İnter BakuIi runda kw.0-1
28%
13.07.2011Skonto FC-Wisła KrakówII runda kw.0-1
28%
23.07.2014St. Patrick’s Athletic F.C.-Legia WarszawaII runda kw.0-5
28%
22.07.2009Levadia Tallinn-Wisła KrakówII runda kw.1-0
28%
17.07.2013The New Saints F.C.-legia WarszawaII runda kw.1-3
28%
30.09.1992Skonto-Lech PoznańI runda kw.0-0
24%
26.08.1998ŁKS- Manchester UnitedII runda kw.0-0
24%
18.07.2012FK Budućnost Podgorica-Śląsk WrocławII runda kw.0-2
24%
15.07.2009Wisła Kraków-Levadia TallinnII runda kw.1-1
24%
07.08.1996Widzew-Brøndby IFrunda kw.2-1
24%
08.08.2012Helsingborgs IF-Śląsk WrocławIII runda kw.3-1
24%
23.08.2005Panathinaikos AO-Wisła KrakówIII runda kw.4-1
24%
01.11.1995Blackburn Rovers-LegiaFaza Grupowa0-0
21%
31.07.2007Zagłębie Lubin-FC Steaua BukaresztII runda kw.0-1
21%
28.08.2002Legia Warszawa-FC BarcelonaIII runda kw.0-1
21%
11.08.2004Wisła Kraków-Real MadrytIII runda kw.0-2
21%
21.08.2001FC Barcelona-Wisła KrakówIII runda kw.1-0
21%
12.08.1998Manchester United-ŁKSII runda kw.2-0
21%
08.08.2007FC Steaua Bukareszt-Zagłębie LubinII runda kw.2-1
21%
23.08.2006Legia Warszawa-Szachtar DonieckIII runda kw.2-3
21%
14.08.2002FC Barcelona-Legia WarszawaIII runda kw.3-0
21%
20.03.1996Panathinaikos AO-Legiaćwierćfinał3-0
21%
09.08.2005Wisła Kraków-Panathinaikos AOIII runda kw.3-1
21%
25.08.2004Real Madryt-Wisła KrakówIII runda kw3-1
21%
06.08.2008Wisła Kraków-Beitar JerozolimaII runda kw.5-0
21%
06.12.1995Legia-Spartak MoskwaFaza Grupowa0-1
17%
25.07.2012Śląsk Wrocław-FK Budućnost PodgoricaII runda kw.0-1
17%
26.08.2003Wisła Kraków-RSC AnderlechtIII runda kw.0-1
17%
26.07.2006Hafnarfjarðar(Islandia)-Legia WarszawaII runda kw.0-1
17%
18.10.1995Legia-Blackburn RoversFaza Grupowa1-0
17%
09.08.2006Szachtar Donieck-Legia WarszawaIII runda kw.1-0
17%
25.09.1996Widzew-Atlético MadrytFaza Grupowa1-4
17%
02.08.2006Legia Warszawa-Hafnarfjarðar(islandia)II runda kw.2-0
17%
30.07.2008Beitar Jerozolima-Wisła KrakówII runda kw.2-1
17%
20.11.1996Widzew-Borussia DortmundFaza Grupowa2-2
17%
13.08.2003RSC Anderlecht-Wisła KrakówIII runda kw.3-1
17%
13.09.1995Legia-RosenborgFaza Grupowa3-1
17%
21.08.1996Brøndby IF-Widzewrunda.kw3-2
17%
08.08.2001Wisła Kraków-FC BarcelonaIII runda kw.3-4
17%
22.11.1995Rosenborg-LegiaFaza Grupowa4-0
17%
04.11.1992Lech Poz.-IFK GoteborgII runda kw.0-3
14%
16.10.1996FC Steaua Bukareszt-WidzewFaza Grupowa1-0
14%
21.10.1992IFK Goteborg-Lech Poz.II runda kw.1-0
14%
13.08.1997Widzew-Parma F.C.II runda kw.1-3
14%
30.10.1996Widzew-FC Steaua BukaresztFaza Grupowa2-0
14%
11.09.1996Borussia Dortmund-WidzewFaza Grupowa2-1
14%
09.08.1995Legia-IFK Goteborgrunda kw.1-0
10%
04.12.1996Atlético Madryt-WidzewFaza grupowa1-0
10%
23.08.1995IFK-Legiarunda kw.1-2
10%
29.07.1998Kəpəz Gəncə-ŁKSI runda kw.1-3
10%
29.09.1993Beitar-Lech Poz.I runda kw.2-4
10%
15.09.1993Lech-Beitar JerozolimaI runda kw.3-0
10%
04.08.2004Wisła Krakow-WIT Georgia TbilisiIi runda kw.3-0
10%
27.09.1995Spartak Moskwa-LegiaFaza Grupowa3-1
10%
11.08.1999ACF Fiorentina-WidzewIII runda kw.3-1
10%
27.08.1997Parma F.C.-WidzewII runda kw.4-0
10%
04.08.1999Widzew-Liteks ŁoweczII runda kw.4-1
10%
22.07.1998ŁKS-Kəpəz GəncəI runda kw.4-1
10%
10.08.1994Legia Warszawa-Hajdukrunda kw.0-1
7%
25.08.1999Widzew-ACF FiorentinaIII runda kw.0-2
7%
23.07.1997Neftçi PFK-WidzewI runda kw.0-2
7%
31.07.2002Wardar Skopje-legia WarszawaII runda kw.1-3
7%
20.10.1993Lech-Spartak MoskwaII runda kw.1-5
7%
03.11.1993Spartak -LechII runda kw.2-1
7%
06.08.2003Omonia Nikozja-Wisła KrakówII runda kw.2-2
7%
27.07.2004WIT Georgia Tbilisi-Wisła KrakówII runda kw.2-8
7%
02.08.2000Polonia Warszawa-FC Dinamo BukaresztII runda kw.3-1
7%
26.07.2000FC Dinamo Bukareszt-Polonia WarszawaII runda kw.3-4
7%
24.08.1994Hajduk-Legiarunda kw.4-0
7%
28.07.1999Liteks Łowecz-WidzewII runda kw.4-1
7%
01.08.2001Wisła Kraków-SkontoII runda kw.1-0
3%
07.08.2002Legia Warszawa-Wardar SkopjeII runda kw.1-1
3%
25.07.2001Skonto-Wisła KrakówII runda kw.1-2
3%
23.08.2000Panathinaikos AO-PoloniaIII runda kw.2-1
3%
09.08.2000Polonia-Panathinaikos AOIII rudna kw.2-2
3%
30.07.2003Wisła Kraków-Omoni NikozjaII runda kw.5-2
3%
30.07.1997Widzew-Neftçi PFKI runda kw8-0
3%

Rozkład punktacji

Percentyl według liczby udzielonych odpowiedzi

Procent ludzi z każdym wynikiem

Twoja historia wyników

Nie rozwiązałeś tego quizu